000 00843nam a22002652a 4500
001 24814
003 BD-RjUL
005 20211209001112.0
008 140315r1952 enkb b 001 0 eng d
035 _a(BD-RjUL)24883
040 _aDLC
_cKSU
_dOCL
_dSER
_dOCL
_dFBA
_dUKM
_dEQO
_dBD-RjUL
_beng
041 _aeng
082 0 4 _a942.073
_bBRA 1952
100 1 _aBryant, Arthur,
_d1899-1985
_918905
245 1 4 _aThe age of elegance, (1812-1822) /
_cArthur Bryant
260 _aLondon :
_bCollins,
_c1952.
300 _ax, 450 p. ;
_c23 cm.
504 _aincludes Bibliographical reference and index.
651 0 _aGreat Britain
_xHistory
_y1800-1837
_976357
651 0 _aEurope
_xHistory
_y1789-1815
_976394
651 0 _aGreat Britain
_xHistory, Military
_y1789-1820
_975927
942 _2ddc
_cBK
999 _c24814
_d24814